|
|
|
|
| LEADER |
00000naa2a2200000 4500 |
| 001 |
629281 |
| 005 |
20231220112129.0 |
| 035 |
|
|
|a (RuTPU)RU\TPU\conf\29794
|
| 035 |
|
|
|a RU\TPU\conf\29791
|
| 090 |
|
|
|a 629281
|
| 100 |
|
|
|a 20190417d2019 k y0rusy50 ca
|
| 101 |
0 |
|
|a rus
|
| 102 |
|
|
|a RU
|
| 105 |
|
|
|a y z 101zy
|
| 135 |
|
|
|a drgn ---uucaa
|
| 181 |
|
0 |
|a i
|
| 182 |
|
0 |
|a b
|
| 200 |
1 |
|
|a Охранно-пожарная сигнализация: назначение, функции, принципы работы
|f Ш. Р. Джаборов
|g науч. рук. Л. Г. Деменкова
|
| 203 |
|
|
|a Текст
|c электронный
|
| 225 |
1 |
|
|a Экология, безопасность и охрана труда на предприятии
|
| 300 |
|
|
|a Заглавие с экрана
|
| 320 |
|
|
|a [Библиогр.: с. 116 (4 назв.)]
|
| 330 |
|
|
|a В статье раскрыто представление об охранно-пожарной сигнализации, выделены её функции, составные части, принципы работы. Дана характеристика датчиков-извещателей различных типов и других компонентов системы охранно-пожарной сигнализации.
|
| 463 |
|
0 |
|0 (RuTPU)RU\TPU\conf\29747
|t Прогрессивные технологии и экономика в машиностроении
|o сборник трудов X Всероссийской научно-практической конференции для студентов и учащейся молодежи, 4-6 апреля 2019 г., Юрга
|f Национальный исследовательский Томский политехнический университет (ТПУ), Юргинский технологический институт (ЮТИ) ; под ред. Е. А. Зернина
|v [С. 114-116]
|d 2019
|
| 610 |
1 |
|
|a электронный ресурс
|
| 610 |
1 |
|
|a труды учёных ТПУ
|
| 610 |
1 |
|
|a охранно-пожарная сигнализация
|
| 610 |
1 |
|
|a датчики
|
| 610 |
1 |
|
|a извещатели
|
| 610 |
1 |
|
|a пульты управления
|
| 610 |
1 |
|
|a пожарные извещатели
|
| 700 |
|
1 |
|a Джаборов
|b Ш. Р.
|
| 702 |
|
1 |
|a Деменкова
|b Л. Г.
|c специалист в области естествознания
|c старший преподаватель Юргинского технологического института (филиала) Томского политехнического университета
|f 1964-
|g Лариса Геннадьевна
|4 727
|
| 712 |
0 |
2 |
|a Национальный исследовательский Томский политехнический университет (ТПУ)
|b Юргинский технологический институт (филиал) (ЮТИ)
|b Отделение техносферной безопасности (ОТБ)
|3 (RuTPU)RU\TPU\col\24897
|
| 801 |
|
2 |
|a RU
|b 63413507
|c 20190419
|g RCR
|
| 856 |
4 |
|
|u http://earchive.tpu.ru/handle/11683/53084
|
| 942 |
|
|
|c BK
|